Statistics for Државе које се граниче са Србијом

Click here to take the quiz!

General Stats

  • This quiz has been taken 31 times
  • The average score is 8 of 8

Answer Stats

Дужина границе Држава % Correct
476 кмРумунија
100%
221 кмСеверна Македонија
100%
318 кмБугарска
95%
302 кмБосна и Херцеговина
95%
241 кмХрватска
95%
203 кмЦрна Гора
95%
151 кмМађарска
95%
115 кмАлбанија
90%

Score Distribution

Percentile by Number Answered

Percent of People with Each Score

Your Score History

You have not taken this quiz